[Event "Skopje op"]
[Site "Skopje"]
[Date "2023.12.06"]
[Round "1"]
[White "Kirilov, Ivaylo"]
[Black "Zhezhovska, Monika"]
[Result "1/2-1/2"]
[WhiteElo "2054"]
[BlackElo "1826"]
[PlyCount "125"]
[EventDate "2023.12.06"]
[EventType "swiss"]
[EventRounds "9"]
[EventCountry "MKD"]
[SourceTitle "CB50_2023"]
[SourceDate "2023.12.13"]
[SourceVersion "1"]
[SourceVersionDate "2023.12.13"]
[SourceQuality "1"]

1. e4 c5 2. Nf3 Nc6 3. d4 cxd4 4. Nxd4 Nf6 5. Nc3 d6 6. f3 e5 7. Nb3 Be7 8. Be3 Be6 9. Nd5 Bxd5 10. exd5 Nb8 11. c4 Nbd7 12. Be2 0-0 13. Qd2 a5 14. Rc1 b6 15. 0-0 Nc5 16. Na1 Nfd7 17. b3 f5 18. a3 f4 19. Bxc5 bxc5 20. Bd3 Rf6 21. Nc2 Rh6 22. Bf5 g6 23. Bxd7 Qxd7 24. Ne1 Qf5 25. Nd3 Rf8 26. Nf2 Bd8 27. Ne4 Qh5 28. h3 g5 29. b4 g4 30. fxg4 Qg6 31. Qd3 axb4 32. axb4 cxb4 33. Rf3 Bb6+ 34. Kf1 Ra8 35. g5 Rh4 36. Nf6+ Kg7 37. Qxg6+ Kxg6 38. Ne4 Be3 39. Rb1 Bc5 40. Re1 Ra6 41. Nxc5 dxc5 42. Rxe5 Ra1+ 43. Kf2 Ra2+ 44. Kg1 Rd2 45. Re6+ Kxg5 46. Rc6 b3 47. Rxb3 f3 48. Rxf3 Rxc4 49. d6 Rcc2 50. Rg3+ Kf5 51. Rg7 Kf6 52. Rg8 Ke6 53. Rc7 Kxd6 54. Rxh7 c4 55. Rh5 Re2 56. Ra8 Rxg2+ 57. Kh1 Ra2 58. Ra6+ Rxa6 59. Kxg2 Ra3 60. Kf2 Rd3 61. Ke2 Rd4 62. Ke3 Rd1 63. Ke2 1/2-1/2

[Event "EU-ch (Women) 23rd"]
[Site "Petrovac"]
[Date "2023.03.27"]
[Round "9"]
[White "Ivanovic, Tara"]
[Black "Zhezhovska, Monika"]
[Result "0-1"]
[WhiteElo "1472"]
[BlackElo "1761"]
[PlyCount "42"]
[EventDate "2023.03.18"]
[EventType "swiss"]
[EventRounds "11"]
[EventCountry "MNE"]
[SourceTitle "CBM 213 Extra"]
[Source "ChessBase"]
[SourceDate "2023.05.31"]
[SourceVersion "1"]
[SourceVersionDate "2023.05.31"]
[SourceQuality "1"]

1. e4 c5 2. Nf3 Nc6 3. d4 cxd4 4. Nxd4 Nf6 5. Nc3 d6 6. Be3 e5 7. Nb3 Be6 8. Be2 Be7 9. f3 0-0 10. Qd2 a5 11. Na4 Nd7 12. 0-0-0 Rc8 13. Kb1 Nb4 14. Rc1 b6 15. Bb5 Nc5 16. Naxc5 bxc5 17. c4 a4 18. a3 axb3 19. axb4 Ra8 20. Bc6 Qb6 21. Qc3 Ra1+ 0-1

[Event "EU-ch U14 Girls 30th"]
[Site "Antalya"]
[Date "2022.11.11"]
[Round "6"]
[White "Zhezhovska, Monika"]
[Black "Volchkova, Alena"]
[Result "0-1"]
[WhiteElo "1654"]
[BlackElo "1747"]
[PlyCount "178"]
[EventDate "2022.11.06"]
[EventType "swiss"]
[EventRounds "9"]
[EventCountry "TUR"]
[SourceTitle "CBM 211 Extra"]
[Source "ChessBase"]
[SourceDate "2023.01.31"]
[SourceVersion "1"]
[SourceVersionDate "2023.01.31"]
[SourceQuality "1"]

1. d4 Nf6 2. c4 e6 3. Nc3 Bb4 4. Qc2 0-0 5. Nf3 c5 6. e3 d5 7. a3 Bxc3+ 8. Qxc3 Ne4 9. Qc2 Qa5+ 10. Bd2 Nxd2 11. Qxd2 Qxd2+ 12. Kxd2 cxd4 13. Nxd4 Rd8 14. c5 e5 15. Nb5 Nc6 16. Nd6 b6 17. b4 bxc5 18. bxc5 Rb8 19. Bb5 Rxd6 20. cxd6 Rxb5 21. Rhc1 Bd7 22. Rab1 Rb6 23. a4 f6 24. Rb5 Kf7 25. Rxd5 Rb2+ 26. Ke1 Ke6 27. Rd2 Rxd2 28. Kxd2 Kxd6 29. Kd3 a5 30. Kc4 Nb4 31. Rd1+ Kc6 32. h4 Be6+ 33. Kc3 Nd5+ 34. Kb2 Nb6 35. Rd8 Nxa4+ 36. Ka3 Nb6 37. Rh8 Bf5 38. f3 Nc4+ 39. Kb3 Nxe3 40. g4 Be6+ 41. Ka4 h6 42. Rh7 Ng2 43. h5 Nh4 44. Rxg7 Nxf3 45. Rg6 e4 46. Rxh6 e3 47. Rxf6 Ng5 48. Rf1 e2 49. Re1 Bxg4 50. Kxa5 Bxh5 51. Kb4 Kd5 52. Kc3 Ne6 53. Kd3 Nf4+ 54. Kd2 Ke4 55. Kc3 Ke3 56. Rxe2+ Bxe2 57. Kb4 Kd4 58. Kb3 Nd3 59. Ka3 Kc3 60. Ka4 Nb4 61. Ka5 Nd5 62. Ka4 Kc4 63. Ka3 Kc3 64. Ka4 Bc4 65. Ka3 Bd3 66. Ka4 Ne7 67. Ka5 Nc8 68. Ka4 Kc4 69. Ka3 Nd6 70. Kb2 Ne4 71. Ka3 Nc5 72. Kb2 Nb3 73. Ka2 Kc3 74. Ka3 Bb1 75. Ka4 Nd4 76. Ka5 Be4 77. Kb6 Ne6 78. Ka7 Kc4 79. Kb8 Kc5 80. Kc8 Kc6 81. Kb8 Nd8 82. Ka7 Bd3 83. Kb8 Nb7 84. Kc8 Bf5+ 85. Kb8 Kb6 86. Ka8 Kc7 87. Ka7 Bd3 88. Ka8 Nd6 89. Ka7 Nc8+ 0-1

[Event "EU-ch U14 Girls 30th"]
[Site "Antalya"]
[Date "2022.11.10"]
[Round "5"]
[White "Burssens, Maya"]
[Black "Zhezhovska, Monika"]
[Result "0-1"]
[WhiteElo "1366"]
[BlackElo "1654"]
[PlyCount "34"]
[EventDate "2022.11.06"]
[EventType "swiss"]
[EventRounds "9"]
[EventCountry "TUR"]
[SourceTitle "EXT 2024"]
[Source "ChessBase"]
[SourceDate "2023.10.10"]
[SourceVersion "1"]
[SourceVersionDate "2023.10.10"]
[SourceQuality "1"]

1. e4 c5 2. Nf3 Nc6 3. d4 cxd4 4. Nxd4 Nf6 5. Nc3 d6 6. Be2 e5 7. Nb3 Be6 8. 0-0 Be7 9. Re1 0-0 10. Bf1 a5 11. a4 Nb4 12. f4 Rc8 13. fxe5 dxe5 14. Qe2 Bc4 15. Qf2 Bxb3 16. cxb3 Bc5 17. Be3 Ng4 0-1

[Event "EU-ch U14 Girls 30th"]
[Site "Antalya"]
[Date "2022.11.09"]
[Round "4"]
[White "Zhezhovska, Monika"]
[Black "Jansone, Melanija Luize"]
[Result "1-0"]
[WhiteElo "1654"]
[BlackElo "1472"]
[PlyCount "101"]
[EventDate "2022.11.06"]
[EventType "swiss"]
[EventRounds "9"]
[EventCountry "TUR"]
[SourceTitle "EXT 2024"]
[Source "ChessBase"]
[SourceDate "2023.10.10"]
[SourceVersion "1"]
[SourceVersionDate "2023.10.10"]
[SourceQuality "1"]

1. d4 d5 2. c4 e6 3. Nc3 Nf6 4. Bg5 Be7 5. e3 h6 6. Bh4 0-0 7. Nf3 Nbd7 8. cxd5 exd5 9. Bd3 c6 10. 0-0 Re8 11. Qc2 a6 12. Rab1 Nh5 13. Bxe7 Qxe7 14. b4 Nhf6 15. Nd2 Nf8 16. a4 Ne6 17. Nf3 Nf8 18. b5 axb5 19. axb5 Ne4 20. bxc6 bxc6 21. Ne5 Nxc3 22. Qxc3 c5 23. Nc6 Qd6 24. Qxc5 Qxc5 25. dxc5 Ra3 26. Bb5 Bd7 27. Nd4 Bxb5 28. Nxb5 Ra5 29. c6 Rc8 30. Rfc1 Ne6 31. f4 Nd8 32. c7 Ne6 33. f5 Rxb5 34. Rxb5 Rxc7 35. Rxc7 Nxc7 36. Rc5 Ne8 37. Rxd5 Kf8 38. e4 Nf6 39. Rd4 Ke7 40. e5 Nd7 41. Re4 h5 42. Kf2 g6 43. fxg6 fxg6 44. Kf3 Nc5 45. h4 Ne6 46. Rb4 Nc5 47. Rb6 Kf7 48. Ke3 Ne6 49. Rxe6 Kxe6 50. Ke4 Ke7 51. Kd5 1-0

[Event "FRM-chT2 (Women)"]
[Site "Ohrid"]
[Date "2022.07.21"]
[Round "1.1"]
[White "Zhezhovska, Monika"]
[Black "Vujcic, Milena"]
[Result "0-1"]
[WhiteElo "1588"]
[BlackElo "1987"]
[PlyCount "124"]
[EventDate "2022.07.21"]
[EventType "team-tourn"]
[EventRounds "5"]
[EventCountry "MKD"]
[SourceTitle "CBM 210 Extra"]
[Source "ChessBase"]
[SourceDate "2022.11.30"]
[SourceVersion "1"]
[SourceVersionDate "2022.11.30"]
[SourceQuality "1"]
[WhiteTeam "Gambit Asseco See (W)"]
[BlackTeam "Gostivar (W)"]
[WhiteTeamCountry "MKD"]
[BlackTeamCountry "MKD"]

1. d4 Nf6 2. c4 g6 3. Nc3 Bg7 4. e4 d6 5. Be2 0-0 6. Be3 e5 7. d5 Na6 8. g4 Nc5 9. f3 a5 10. h4 h5 11. g5 Nh7 12. Qd2 f6 13. gxf6 Bxf6 14. Bf2 Be7 15. 0-0-0 Rf4 16. Bg3 Rf7 17. Rf1 Bf8 18. Nh3 Bxh3 19. Rxh3 Nf6 20. Rg1 Kh7 21. Bf2 Bh6 22. Be3 Bxe3 23. Qxe3 Qe7 24. Rhg3 Rg8 25. Rg5 Rgg7 26. Bf1 Ne8 27. Ne2 Qf6 28. R1g3 c6 29. Kb1 cxd5 30. cxd5 b5 31. Bh3 b4 32. Qd2 b3 33. a3 a4 34. Qc3 Rc7 35. Qd2 Rcf7 36. Qe1 Nc7 37. Qd2 Nb5 38. Qb4 Rb7 39. Bc8 Nd4 40. Qd2 Nxe2 41. Qxe2 Rbc7 42. Bh3 Qf4 43. Rg1 Qxh4 44. Qg2 Rcf7 45. Rxg6 Qe7 46. Bf5 Kh8 47. Qh2 h4 48. Rh6+ Kg8 49. Bh7+ Kf8 50. Bg6 Rxf3 51. Rxh4 Qf6 52. Rh8+ Ke7 53. Re8+ Kd7 54. Qe2 Nd3 55. Ra8 Rxg6 56. Ra7+ Kc8 57. Rc1+ Kb8 58. Qd2 Qd8 59. Rxa4 Rg7 60. Qc3 Nxc1 61. Qxf3 Nd3 62. Qd1 Qb6 0-1

[Event "EU-ch Hybrid U14 Girls"]
[Site "Tornelo INT"]
[Date "2021.10.15"]
[Round "4"]
[White "Zhezhovska, Monika"]
[Black "Omeri, Eklea"]
[Result "0-1"]
[WhiteElo "1459"]
[BlackElo "1237"]
[PlyCount "72"]
[EventDate "2021.10.15"]
[EventType "swiss"]
[EventRounds "9"]
[EventCountry "NET"]
[SourceTitle "EXT 2023"]
[Source "ChessBase"]
[SourceDate "2022.10.05"]
[SourceVersion "1"]
[SourceVersionDate "2022.10.05"]
[SourceQuality "1"]
[WhiteTeam "Macedonia"]
[BlackTeam "Albania"]
[WhiteTeamCountry "MKD"]
[BlackTeamCountry "ALB"]

1. d4 d5 2. c4 c6 3. Nf3 Nf6 4. e3 Bf5 5. Nc3 e6 6. Nh4 Bg6 7. Nxg6 hxg6 8. h3 Bb4 9. Bd2 Bxc3 10. Bxc3 Ne4 11. Qb3 Qc7 12. Bd3 Nxc3 13. Qxc3 Nd7 14. a3 0-0 15. h4 Nf6 16. 0-0-0 Rfc8 17. Rdg1 c5 18. b3 cxd4 19. exd4 dxc4 20. bxc4 Qf4+ 21. Kb1 Qxf2 22. g4 Rd8 23. h5 Qxd4 24. Qc2 Qxd3 25. hxg6 Qxc2+ 26. Kxc2 fxg6 27. g5 Nh5 28. Re1 Rd6 29. Re5 Rc8 30. Kc3 Rdc6 31. Rh4 Ng3 32. Rg4 Nf5 33. Rge4 b5 34. Rxe6 Rxe6 35. Rxe6 Rxc4+ 36. Kd3 Ra4 0-1

[Event "FRM-chT (Women)"]
[Site "Ohrid"]
[Date "2021.08.31"]
[Round "7.3"]
[White "Zhezhovska, Monika"]
[Black "Stojkovska, Monika"]
[Result "0-1"]
[WhiteElo "1448"]
[BlackElo "2081"]
[PlyCount "86"]
[EventDate "2021.08.25"]
[EventType "team-tourn"]
[EventRounds "7"]
[EventCountry "MKD"]
[SourceTitle "CBM 204 Extra"]
[Source "ChessBase"]
[SourceDate "2021.11.30"]
[SourceVersion "1"]
[SourceVersionDate "2021.11.30"]
[SourceQuality "1"]
[WhiteTeam "Gambit Asseco See (W)"]
[BlackTeam "Alkaloid (W)"]
[WhiteTeamCountry "MKD"]
[BlackTeamCountry "MKD"]

1. d4 Nf6 2. c4 e6 3. Nc3 Bb4 4. Qc2 b6 5. Bg5 Bb7 6. Nf3 h6 7. Bd2 0-0 8. a3 Bxc3 9. Bxc3 a5 10. e3 d6 11. Bd3 Nbd7 12. 0-0 Qe7 13. e4 e5 14. d5 a4 15. Nd2 Nh5 16. g3 Nc5 17. Be2 Nf6 18. f4 exf4 19. Rxf4 Nfd7 20. Raf1 Ne5 21. Bd4 Bc8 22. Bxc5 bxc5 23. Nb1 Bh3 24. Rd1 Rfe8 25. Nc3 Bd7 26. Rdf1 Reb8 27. Bh5 g6 28. Be2 Qg5 29. R1f2 Rb3 30. Bf1 Rab8 31. Qc1 Ng4 32. Rc2 Qe5 33. Kh1 g5 34. Rf3 Nf6 35. Re3 Re8 36. Bg2 Qd4 37. Qd2 Qxc4 38. Qe2 Qxe2 39. Rexe2 Ng4 40. h3 Ne5 41. Nd1 Rxg3 42. Ne3 Bxh3 43. Kh2 Rxe3 0-1